000 00659nam a2200217 a 4500
001 BRL_505
005 20190320210755.0
008 230813s1965----nyua######---#000-0#eng-#
041 _aeng
_hspa
050 4 _aF1219.3.A7
_b.W47 1965
100 1 _aWestheim, Paul
_96016
245 1 0 _aThe art of ancient Mexico
_cPaul Westheim ; translated from spanish into english by Ursula Bernard.
260 _aGarden City, N.Y.
_bAnchor Books
_c1965.
300 _a260 p.
_bil.
_c19 cm.
500 _aAu540
650 1 4 _aArte indígena
_zMéxico
_9597
651 4 _aMéxico
_xAntigüedades
_92765
700 1 _aUrsula Bernard
_etr.
_923713
902 _aGRL
942 _2lcc
_cB
999 _c9317
_d9317